Idea imperial de Carlos V. /
Guardado en:
| Autor Principal: | |
|---|---|
| Formato: | Libro |
| Idioma: | Spanish |
| Publicado: |
Buenos Aires :
Espasa-Calpe,
1946.
|
| Edición: | 3. ed. |
| Materias: | |
| Etiquetas: |
Agregar Etiqueta
Sin Etiquetas, Sea el primero en etiquetar este registro!
|
| LEADER | 00482nam a22001695a 4500 | ||
|---|---|---|---|
| 001 | EUN.um054072 | ||
| 003 | AR-BaUNS | ||
| 005 | 20050623122919.0 | ||
| 008 | 041125s1946####ag############000#0#spa#d | ||
| 245 | 1 | 0 | |a Idea imperial de Carlos V. / |c Ramón Menéndez Pidal. |
| 260 | |a Buenos Aires : |b Espasa-Calpe, |c 1946. | ||
| 300 | |a 146 p. | ||
| 100 | 1 | |a Menéndez Pidal, Ramón. | |
| 082 | 0 | 4 | |a 923 |
| 250 | |a 3. ed. | ||
| 653 | |a Carlos v | ||
| 859 | |a Ar-BaUNS |b BIB. CENTRAL - Sector C |h 923 |i C195a3m |p 844/960 | ||
